000 00491nam a2200169Ia 4500
003 GCL
008 140319s9999 xx 000 0 eng d
040 _aGCL /
_cGCL
082 0 4 _a943.1087
_bF A
100 1 _aFULBROOK, MARY
245 1 0 _aANATOMY OF A DICTATORSHIP: INSIDE THE GDR 1949 - 1989 /
_cFULBROOK, MARY
260 _a[S.N] :
_bOXFORD UNIVERSITY PRESS ،
_c1995
300 _a307 P
650 0 4 _aGERMANY - HISTORY
650 0 4 _aGERMAN - POLITICS AND GOVERNMENT
942 _2ddc
_cBK
999 _c14405
_d14405